Particle technology and engineering, an engineer's guide to particles and powders : fundamentals and computational approaches (Record no. 53146)

MARC details
000 -LEADER
fixed length control field 00793nam a2200193 a 4500
008 - FIXED-LENGTH DATA ELEMENTS--GENERAL INFORMATION
fixed length control field 190517s2016 ||||||||||||||||| || u
020 ## - INTERNATIONAL STANDARD BOOK NUMBER
International Standard Book Number 9780080983370
050 ## - LIBRARY OF CONGRESS CALL NUMBER
Classification number QC 793.2 Sev
100 ## - MAIN ENTRY--PERSONAL NAME
Personal name Wu, Chuan-Yu
245 10 - TITLE STATEMENT
Title Particle technology and engineering, an engineer's guide to particles and powders : fundamentals and computational approaches
Statement of responsibility, etc. by Jonathan Seville and Chuan-Yu Wu
260 ## - PUBLICATION, DISTRIBUTION, ETC.
Place of publication, distribution, etc. Amsterdam
Name of publisher, distributor, etc. Butterworth-Heinemann
Date of publication, distribution, etc. 2016
300 ## - PHYSICAL DESCRIPTION
Extent x, 277 pages : illustrations
350 ## - PRICE (NR) (BK AM CF MU VM SE) [OBSOLETE]
Price 90.76
650 ## - SUBJECT ADDED ENTRY--TOPICAL TERM
Topical term or geographic name entry element PARTICLES--NUCLEAR PHYSICS
650 ## - SUBJECT ADDED ENTRY--TOPICAL TERM
Topical term or geographic name entry element POWDERS
650 ## - SUBJECT ADDED ENTRY--TOPICAL TERM
Topical term or geographic name entry element PARTICLES
700 ## - ADDED ENTRY--PERSONAL NAME
Personal name Seville, Jonathan
995 ## - RECOMMENDATION 995 [LOCAL, UNIMARC FRANCE]
-- CBU-MAIN LIBRARY (Kitwe)
-- 90.76
-- 1
-- AVAILABLE
-- May 20, 2019
-- Main Library Open Access Collection
Holdings
Withdrawn status Lost status Source of classification or shelving scheme Damaged status Not for loan Home library Current library Shelving location Date acquired Total Checkouts Full call number Barcode Date last seen Price effective from Koha item type
          CBU-MAIN LIBRARY, KITWE. CBU-MAIN LIBRARY, KITWE.   11/30/2022   QC 793.2 Sev 749093 11/30/2022 11/30/2022 MONOGRAPH